Večery novej hudby 2006 13.-17. októbra, Bratislava

Bibliographic Details
Main Author: Rehák, Oliver, 1973- (Author)
Format: Article
Language:Slovak
ISSN:1335-4140
Subjects:

MARC

LEADER 00000nab a2200000 a 4500
001 vtls008935125
003 SK-MaSNL
005 20260426083329.0
008 250505c2006 xo zr|p|||||||000 b|slo
015 |a SNBRB2007/01  |2 snkbucl 
035 |a (uuid)1e9a728c-1f33-4239-9c40-b11ec49f61c9 
035 |a urn:nbn:sk:snk-ab20th 
035 |a (urnnbn)urn:nbn:sk:snk:ar-a01dhj 
038 |a SNKBUCL 
040 |a SNKBUCL  |b slo  |c SNKBUCL  |e AACR2 
041 0 |a slo 
044 |a xo  |c SK 
080 |a 78.079  |2 2001 
100 1 |a Rehák, Oliver,  |d 1973-  |4 aut  |9 104655 
245 1 0 |a Večery novej hudby 2006  |b 13.-17. októbra, Bratislava  |c Oliver Rehák 
611 2 7 |a Večery novej hudby  |n (17. :  |d 2006 :  |c Bratislava, Slovensko)  |2 snkbucl  |9 1283456 
651 7 |a Bratislava (Slovensko)  |2 snkbucl  |9 14568 
773 0 |t Hudobný život  |g Roč. XXXVIII, č. 11-12 (2006), s. 31  |x 1335-4140 
850 |a Slovenská národná knižnica 
852 |a Slovenská národná knižnica 
954 |a odborná, vedecká literatúra pôvodná (slovenská)  |2 lita 
958 |a article27 
958 |a OND 
958 |a SK 
958 |a EUIPO 
999 |c 2902491  |d 2904421